Borussia Dortmund All-Time Starting XI - Statistics

General Stats
  • This quiz has been taken 176 times
  • The average score is 6 of 13
Answer Stats
Position Player % Correct
FW (2012-24) Marco Reus
97%
DF (2008-16/19- ) Mats Hummels
88%
GK (2002-18) Roman Weidenfeller
75%
12th player (2010-14) Robert Lewandowski
72%
MF (1993-98) Matthias Sammer
59%
DF (1995-2002) Jürgen Kohler
44%
DF (1998-2011) Dedé
30%
MF (1981-98) Michael Zorc
30%
Coach (1991-97) Ottmar Hitzfeld
30%
FW (1991-99) Stéphane Chapuisat
26%
MF (1988-90/94-2000) Andreas Möller
25%
DF (1992-2004) Stefan Reuter
20%
FW (1976-83) Manni Burgsmüller
14%
No matching quizzes found
Score Distribution
Percent of People with Each Score
Percentile by Number Answered
Your Score History
You have not taken this quiz